Naval research logistics quarterly

Salvato in:
Dettagli Bibliografici
Natura: Periodico
Lingua:inglese
Pubblicazione: Arlington Office of Naval Research
Soggetti:
Tags: Aggiungi Tag
Nessun Tag, puoi essere il primo ad aggiungerne!!

MARC

LEADER 00000nas1a22000001 4500
001 s120965
005 20230608110632.8
041 0 |a eng 
044 |a US 
245 1 0 |a Naval research logistics quarterly 
264 1 |a Arlington  |b Office of Naval Research 
610 2 0 |a logistika